=LDR 00000nam 2200000 4500 =001 INLIS000000000040552 =005 20130612150121 =008 ***********************************Ind** =035 ##$$a0010-061300000040552 =041 ##$$a Ind =082 ##$$a 641.86 =090 ##$$a 641.86, Bro h =100 ##$$a Brotojoyo, Linda Carolina =245 ##$$a Home made cake/Linda Caroline Brotojoyo =260 ##$$a 2011 $b Jakarta =300 ##$$a 48 hlm., ilus., 20 cm =650 ##$$a Kue Cake, Resep =850 ##$$a NBPNMAT =990 ##$$a 0001/BPAP-NTB/20142014